Normal view
MARC view
- الادارة العامة-المنظمات الادارية-التنظيم الاداري
Entry Topical Term
001 - CONTROL NUMBER
- control field: 29077
003 - CONTROL NUMBER IDENTIFIER
- control field: JO-AjAnu
005 - DATE AND TIME OF LATEST TRANSACTION
- control field: 20230606074923.0
008 - FIXED-LENGTH DATA ELEMENTS
- fixed length control field: 230606|| aca||aabn | a|a d
040 ## - CATALOGING SOURCE
- Original cataloging agency: JO-AjAnu
- Transcribing agency: JO-AjAnu
150 ## - HEADING--TOPICAL TERM
- Topical term or geographic name entry element: الادارة العامة-المنظمات الادارية-التنظيم الاداري
670 ## - SOURCE DATA FOUND
- Source citation: Work cat.: (JO-AjAnu)14926: القريوتي،محمد قاسم, author 29076, نظرية المنظمة والتنظيم